00891 2200277 4500001002100000005001700021008004100038020002200079035002400101040001200125082000800137084001800145090001800163100002000181245012100201250001100322260003000333300003100363504003000394650009900424700001700523700001700540700002300557850001200580990002100592INLIS00000000002472720170213131714.0  a978-602-279-238-3 0010-011700000000227 aYOPDYOG a379 aDEP 379 Esc S aDEP 379 Esc S aESCOBAR, Miguel aSekolah kapitalisme yang licikc/Miguel Escobar ; Penerjemah, Mundi Rahayu ; editor, Ahmad Suaedy, Amiruddin ar-Rany aCet. 1 aYogyakartabIRCiSoDc2016 axlviii, 256 hlm.c; 18 cm. aBibliogarfi : hlm 247-250 aJudul asli: Paulo Freire on higher education : a dialogue at the National university of Mexico aMundi Rahayu aAhmad Suaedy aAmiruddin ar- Rany aYOPDYOG aCB-D.11/2016-746